000 00798nam a22002177a 4500
999 _c8191
_d8191
005 20251125232818.0
008 s2541 th tha d
020 _a9748653315
040 _aNALT
041 _atha
050 _aHG1607 ว691ธ 2541
100 0 _aวิรัตน์ แสงทองคำ
245 1 0 _aธนาคารไทยล่มสลาย
260 3 _aกรุงเทพฯ :
_bพี.เพรส,
_c2541
300 _a211 หน้า :
_b ภาพประกอบ ;
_c 21 ซม.
650 0 4 _aธนาคารและการธนาคาร
850 _aNALT
856 4 0 _uhttps://hdl.handle.net/20.500.14156/448798
_71
942 _cGB
_2lcc
_01
998 _j111
_k นางสาวพจพิณ พรมเอี่ยม